000 00302nam a22001337a 4500
020 _a978-8180547058
041 _aENG
100 _aGupta .C
245 _aFundamentals of Mathematical Statistics
260 _aDelhi
_bSultan Chand &Sons
_c1990
300 _a1680
650 _aMath's
856 _uMath's
999 _c368
_d368